The Powerpuff Girls Franchise - Statistics

General Stats
  • This quiz has been taken 31 times
  • The average score is 8 of 68
Answer Stats
Type Year Name Info % Correct
TV Show 1998-2005 The Powerpuff Girls Cartoon Network
100%
TV Show 2016-Present The Powerpuff Girls Cartoon Network
100%
Film 2002 The Powerpuff Girls Movie Warner Bros.
50%
TV Show 2006-2007 Powerpuff Girls Z Boomerang / Cartoon Network
44%
Short Film 1992 Whoopass Stew! California Institute of the Arts
38%
Video Game 2002 The Powerpuff Girls: HIM and Seek BAM! Entertainment
19%
Book 2002 Blossom and the Haunted House Tracey West
13%
Book 2000 Blossoming Out E. S. Mooney
13%
Book 2002 Blossom's Bad Hair Day Kimberly Kindya
13%
Book 2002 Bubbles in the Middle Aaron S. Rosenberg
13%
Comic Book 2000 Dial M for Mojo DC Comics
13%
Comic Book 2004 Fish Fight DC Comics
13%
Book 2001 No Girls Allowed Tracey West
13%
Video Game 2004 Princess Snorebucks The Learning Company
13%
Video Game 2000 The Powerpuff Girls: Bad Mojo Jojo Bay Area Multimedia
13%
Video Game 2001 The Powerpuff Girls: Battle HIM BAM! Entertainment
13%
Video Game 2001 The Powerpuff Girls: Chemical X-Traction BAM! Entertainment
13%
Video Game 2002 The Powerpuff Girls: Gamesville BAM! Entertainment
13%
Video Game 2001 The Powerpuff Girls: Mojo Jojo-A-Go-Go BAM! Entertainment
13%
Video Game 2000 The Powerpuff Girls: Paint the Townsville Green Bay Area Multimedia
13%
Video Game 2002 The Powerpuff Girls: Relish Rampage BAM! Entertainment
13%
Book 2000 The Powerpuff Girls Ruff 'n' Tuff Tattoo Book E. S. Mooney
13%
Comic Book 2004 Amoeba Prime DC Comics
6%
Comic Book 2006 Anything Boys Can Do Squirrels Can Do Better CN Action Pack
6%
Book 2002 Bad News Bike Tracey West
6%
Comic Book 2001 Bedcrime Story DC Comics
6%
Comic Book 2001 Bow Jest DC Comics
6%
Book 2004 Bubbles and the Secret Admirer E. S. Mooney
6%
Book 2002 Career-Day Blossom Amy Goldschlager
6%
Comic Book 2002 Chain of Fools; Monkey See, Monkey Do DC Comics
6%
Comic Book 2003 Everything You Know About The Powerpuff Girls Is Wrong! DC Comics
6%
Book 2002 Forever Blowing Bubbles Elizabeth Lenhard
6%
Book 2001 Frighty Night E. S. Mooney / Craig McCracken
6%
Video Game 2007 Game de Demashita! Powerpuff Girls Z Bandai Namco
6%
Comic Book 2000 Going Squiggly DC Comics
6%
Comic Book 2000 Go, Squirrel, Go! DC Comics
6%
Comic Book 2014 IDW Comic Issue #9 DC Comics
6%
Comic Book 2003 Jelly Jam DC Comics
6%
Comic Book 2000 Mayor, May I? DC Comics
6%
Comic Book 2002 Messing You DC Comics
6%
Book 2002 Ms. Meane Craig McCracken / E. S. Mooney
6%
Book 2002 Not Another Buttercup Paul Siefken
6%
Comic Book 2001 Paranoid Puffs DC Comics
6%
Book 2001 Party Savers Howie Dewin
6%
Comic Book 2003 Pizza My Heart; Absolutely Absorbing DC Comics
6%
Book 2002 Power Pals Tracey West
6%
Comic Book 2002 Power Picnic DC Comics
6%
Comic Book 2000 Power Play DC Comics
6%
Comic Mini-Series 2015 Powerpuff Girls: Super Smash-Up! IDW Publishing
6%
Comic Book 2004 Prank Rankers DC Comics
6%
Comic Book 2004 Reigning Cats and Dogs DC Comics
6%
Comic Book 2003 Rock, Girls, Rock; Slayhem Mayhem DC Comics
6%
Comic Book 2006 Root of All Cooties CN Action Pack
6%
Book 2001 Scary Princess E. S. Mooney
6%
Comic Book 2004 Scream, Girls, Scream! DC Comics
6%
Comic Book 2004 Scream, Girls, Scream! DC Comics
6%
Comic Book 2004 See You Later, Narrator!; Sock It to Me DC Comics
6%
Comic Book 2001 Snow Day DC Comics
6%
Comic Mini-Series 2014 Super Secret Crisis War! IDW Publishing
6%
Book 2001 Teacher's Pest E. S. Mooney
6%
Comic Book 2003 The Eyes Have It!; Knit One, Purl Doom DC Comics
6%
Video Game 2014 The Powerpuff Girls: Defenders of Townsville Steam
6%
Video Game 2001 The Powerpuff Girls: Mojo Jojo Clone Zone The Learning Company
6%
Video Game 2001 The Powerpuff Girls: Mojo Jojo's Pet Project BAM! Entertainment
6%
Book 2002 The Powerpuff Girls: The Ultimate Guide to Your Inner Powerpuff and Quiz Book Amy Keating Rogers
6%
Comic Book 2001 The Trouble with Bubbles! DC Comics
6%
Comic Book 2000 Video Maim DC Comics
6%
Comic Book 2000 Where Did the Love Go? DC Comics
6%
No matching quizzes found
Score Distribution
Percent of People with Each Score
Percentile by Number Answered
Your Score History
You have not taken this quiz